000 00648nam a2200229Ia 4500
003 OSt
005 20220928114530.0
006 a|||||r|||| 00| 0
007 ta
008 220927b |||||||| |||| 00| 0 eng d
024 _a47095
037 _cTextual
040 _aSDCL
_cSDCL
_beng
041 _2eng
_aeng
082 _aY49.21'N, L6
100 _aHolmstrom Mark
_9439468
245 0 _aSouth Indian factory workers
_b Their life and their world.
260 _aCambridge
_bCambridge University Press
_c1976
300 _ax,158p.
_ccm.
942 _hY49.21'N, L6
_cTEXL
_2CC
999 _c755157
_d755157